[Event "World Blitz 2015"]
[Site "Berlin GER"]
[Date "2015.10.14"]
[Round "20.62"]
[White "Dlugy, Maxim"]
[Black "Handke, Florian"]
[Result "0-1"]
[WhiteTitle "GM"]
[BlackTitle "GM"]
[WhiteElo "2518"]
[BlackElo "2531"]
[WhiteFideId "2000075"]
[BlackFideId "4634527"]
[EventDate "2015.10.13"]

1. d4 Nf6 2. Bf4 g6 3. e3 Bg7 4. c3 O-O 5. h3 b6 6. Nf3 Bb7 7. Be2 d6 8. O-O
Nbd7 9. a4 a6 10. Nbd2 c5 11. Bh2 Rc8 12. Qb3 Qc7 13. Rfe1 Rfe8 14. Bc4 Rf8 15.
Ng5 e6 16. Bxe6 fxe6 17. Nxe6 Qc6 18. e4 c4 19. Qa3 Rfe8 20. d5 Nxd5 21. Nxg7
Kxg7 22. exd5 Qxd5 23. Nf3 Nc5 24. Rad1 Qh5 25. Bxd6 Bxf3 26. gxf3 Nd3 27. Rxe8
Rxe8 28. Bg3 Qxf3 29. Rf1 Ne1 0-1

[Event "World Blitz 2015"]
[Site "Berlin GER"]
[Date "2015.10.14"]
[Round "20.63"]
[White "Godena, Michele"]
[Black "Van Wely, Loek"]
[Result "1/2-1/2"]
[WhiteTitle "GM"]
[BlackTitle "GM"]
[WhiteElo "2513"]
[BlackElo "2632"]
[WhiteFideId "800090"]
[BlackFideId "1000268"]
[EventDate "2015.10.13"]

1. e4 c5 2. c3 Nf6 3. e5 Nd5 4. Nf3 Nc6 5. Bc4 Nb6 6. Bb3 c4 7. Bc2 Qc7 8. Qe2
g5 9. Na3 Bg7 10. Nxc4 g4 11. Nxb6 axb6 12. Nh4 Qxe5 13. Nf5 Qxe2+ 14. Kxe2 Bf6
15. d4 d5 16. h3 h5 17. hxg4 hxg4 18. Rxh8+ Bxh8 19. Be3 e6 20. Rh1 Bf6 21. Nd6+
Ke7 22. Nxc8+ Rxc8 23. Rh7 Nxd4+ 24. Bxd4 Bxd4 25. Bg6 Kf6 26. Bxf7 Bc5 27. Bh5
Kg5 28. Bf7 Rf8 29. f3 gxf3+ 30. gxf3 Kf6 31. Bh5 Rg8 32. Bg4 e5 33. b4 Be7 34.
Rh6+ Rg6 35. Rxg6+ Kxg6 36. Kd3 d4 37. Bc8 dxc3 38. Kxc3 Kf6 39. Bxb7 Ke6 40.
Kc4 Kd6 41. Kb5 Kc7 42. Be4 Bh4 43. Kc4 Kd6 44. a4 Be1 45. Kb5 Kc7 46. a5 bxa5
47. bxa5 Bd2 48. a6 Kb8 49. Kb6 Be3+ 50. Kc6 Ka7 1/2-1/2

[Event "World Blitz 2015"]
[Site "Berlin GER"]
[Date "2015.10.14"]
[Round "20.64"]
[White "Schmaltz, Roland"]
[Black "Volokitin, Andrei"]
[Result "0-1"]
[WhiteTitle "GM"]
[BlackTitle "GM"]
[WhiteElo "2504"]
[BlackElo "2639"]
[WhiteFideId "4614054"]
[BlackFideId "14107090"]
[EventDate "2015.10.13"]

1. e4 c5 2. Nf3 d6 3. d4 cxd4 4. Nxd4 Nf6 5. Nc3 a6 6. Be3 e6 7. f4 b5 8. a3 Bb7
9. Bd3 Nbd7 10. Qf3 Rc8 11. Nde2 Qc7 12. O-O Be7 13. Rae1 O-O 14. Qh3 Nc5 15.
Ng3 d5 16. e5 Nfe4 17. Bd4 Nxd3 18. cxd3 Bc5 19. Nge2 Bxd4+ 20. Nxd4 Nxc3 21.
bxc3 Qxc3 22. Qe3 Qc5 23. f5 exf5 24. Rxf5 Qb6 25. Ref1 Rce8 26. Qf4 Re7 27. Kh1
Bc8 28. Rg5 f6 29. Rh5 Rff7 30. Nf5 Bxf5 31. Qxf5 g6 32. Qc8+ Rf8 33. Qg4 Rxe5
34. Rxe5 fxe5 35. Rxf8+ Kxf8 36. Qd7 Qf6 37. h3 h5 38. Qc8+ Kg7 39. Qd7+ Qf7 40.
Qd6 Qf1+ 41. Kh2 Qf4+ 42. Kh1 d4 43. Qe7+ Kh6 44. Qd6 a5 45. Qc5 Qf1+ 46. Kh2
Qf4+ 47. Kh1 b4 48. axb4 axb4 49. Qxb4 Qf1+ 50. Kh2 Qxd3 51. Qf8+ Kg5 52. Qe7+
Kf5 53. Qf7+ Ke4 54. Qxg6+ Ke3 55. Qxh5 e4 56. Qg5+ Ke2 57. h4 e3 58. h5 Kd1 59.
Qg4+ e2 60. h6 Qe3 61. h7 Qh6+ 62. Qh3 Qxh3+ 63. gxh3 e1=Q 64. h8=Q Qf2+ 65. Kh1
d3 66. Qa1+ Ke2 67. Qe5+ Kf1 68. Qa1+ Qe1 69. Qf6+ Ke2+ 70. Kg2 Kd1 71. Qa1+ Kd2
72. Qa5+ Ke2 73. Qh5+ Ke3 74. Qf3+ Kd4 75. Qf6+ Kc4 76. Qc6+ Kb3 77. Qb5+ Kc2
78. Qc4+ Qc3 79. Qa2+ Qb2 80. Qe6 d2 81. Qe4+ Kc1 82. Qe3 Kb1 83. Qe2 d1=Q 0-1

[Event "World Blitz 2015"]
[Site "Berlin GER"]
[Date "2015.10.14"]
[Round "20.65"]
[White "Fedorchuk, Sergey A."]
[Black "Mikhalevski, Victor"]
[Result "1-0"]
[WhiteTitle "GM"]
[BlackTitle "GM"]
[WhiteElo "2635"]
[BlackElo "2536"]
[WhiteFideId "14102536"]
[BlackFideId "2801914"]
[EventDate "2015.10.13"]

1. e4 e5 2. Nf3 Nc6 3. Bb5 a6 4. Ba4 g6 5. c3 Bg7 6. d4 exd4 7. cxd4 b5 8. Bc2
d6 9. h3 Nge7 10. O-O O-O 11. Nc3 Na5 12. Bf4 Bb7 13. Rc1 Nc4 14. b3 Na3 15. Bd3
c5 16. Qd2 Rc8 17. Bh6 f6 18. Bxg7 Kxg7 19. Ne2 c4 20. bxc4 bxc4 21. Nf4 Qd7 22.
Bc2 Nxc2 23. Qxc2 g5 24. Nh5+ Kh6 25. Ng3 f5 26. h4 fxe4 27. hxg5+ Kg7 28. Nxe4
Qg4 29. Nf6 Rxf6 30. gxf6+ Kxf6 31. Ne1 Nf5 32. Qc3 Bd5 33. f4 Re8 34. Rf2 Re3
35. Qa5 Be4 36. Qd8+ Kg7 37. Qc7+ Kh6 38. Qxc4 Ng3 39. Qc7 Qh4 40. Qxd6+ Bg6 41.
Rf3 Qh1+ 42. Kf2 Ne4+ 43. Kxe3 Nxd6 44. Rh3+ Qxh3+ 45. gxh3 Kh5 46. Ng2 Be4 47.
Rc5+ Kh6 48. Nh4 Bb1 49. Rc6 1-0

[Event "World Blitz 2015"]
[Site "Berlin GER"]
[Date "2015.10.14"]
[Round "20.66"]
[White "Huzman, Alexander"]
[Black "Donchenko, Alexander"]
[Result "1/2-1/2"]
[WhiteTitle "GM"]
[BlackTitle "GM"]
[WhiteElo "2580"]
[BlackElo "2577"]
[WhiteFideId "2803828"]
[BlackFideId "24603295"]
[EventDate "2015.10.13"]

1. e4 g6 2. d4 Bg7 3. g3 d6 4. Bg2 a6 5. Ne2 b5 6. e5 c6 7. a4 Bb7 8. exd6 Qxd6
9. O-O Nf6 10. Nbc3 O-O 11. axb5 axb5 12. Rxa8 Bxa8 13. Nxb5 cxb5 14. Bxa8 Nc6
15. Bxc6 Qxc6 16. c3 h5 17. Bg5 Ne4 18. Bxe7 Re8 19. d5 Qc4 20. b3 Qc8 21. d6
Qd7 22. c4 h4 23. Qd5 Nxd6 24. Bxd6 Rxe2 25. c5 Rc2 26. Re1 Qg4 27. Qe4 Qxe4 28.
Rxe4 h3 29. Kf1 f5 30. Re8+ Kh7 31. Re7 Kg8 32. Ke1 Bd4 33. Kd1 Rc3 34. f4 Bxc5
35. Bxc5 Rxc5 36. Kd2 b4 37. Re8+ Kf7 38. Rh8 Rc3 39. Rxh3 Kg7 40. Rh4 Rxb3 41.
g4 fxg4 42. Rxg4 Kf6 43. Rg5 Rf3 44. Rg4 Rh3 45. Kc2 Rxh2+ 46. Kb3 Rh6 47. Kxb4
Kf5 48. Rg1 Rh4 49. Kc3 Rxf4 50. Kd3 g5 51. Ke3 g4 52. Ke2 Ke4 53. Rg3 Ke5 54.
Rg1 Ke4 55. Rg3 Kf5 56. Rg1 Kg5 57. Ke3 Rf3+ 58. Ke2 Kf4 59. Rg2 g3 60. Rg1 Rf2+
61. Ke1 Kf3 62. Rh1 g2 63. Rh3+ Kg4 64. Kxf2 Kxh3 65. Kg1 1/2-1/2

[Event "World Blitz 2015"]
[Site "Berlin GER"]
[Date "2015.10.14"]
[Round "20.67"]
[White "Riff, Jean-Noel"]
[Black "Ehlvest, Jaan"]
[Result "1-0"]
[WhiteTitle "GM"]
[BlackTitle "GM"]
[WhiteElo "2499"]
[BlackElo "2535"]
[WhiteFideId "611190"]
[BlackFideId "4500016"]
[EventDate "2015.10.13"]

1. e4 Nf6 2. e5 Nd5 3. d4 d6 4. c4 Nb6 5. exd6 cxd6 6. Nc3 g6 7. a4 a5 8. c5
dxc5 9. Bb5+ N6d7 10. Bf4 Bg7 11. Nd5 O-O 12. Bc7 Qe8 13. Nb6 Ra6 14. Nxd7 Bxd7
15. Bxa6 Nxa6 16. Be5 f6 17. Bg3 cxd4 18. Qxd4 Nb4 19. Qc4+ Qf7 20. Qxf7+ Kxf7
21. Kf1 f5 22. Bc7 Ra8 23. h4 Bxb2 24. Rb1 Bf6 25. Bxa5 Rxa5 26. Rxb4 Bxa4 27.
g3 Bc6 28. f3 Ra2 29. Rb3 Bd5 30. Rb4 b5 31. Ne2 Ra1+ 32. Kg2 Bxf3+ 33. Kxf3
Rxh1 34. Rxb5 Rf1+ 35. Kg2 Ra1 36. Nf4 Ra2+ 37. Kh3 Ra3 38. h5 g5 39. Ne2 g4+
40. Kg2 Ra2 41. Kf1 h6 42. Rxf5 e5 43. Nc3 Ra1+ 44. Ke2 Ke6 45. Rf2 Be7 46. Kd3
Rg1 47. Ne4 Rh1 48. Ra2 Rxh5 49. Ra6+ Kf5 50. Ra7 Bg5 51. Ra6 Rh1 52. Nd6+ Ke6
53. Ne4+ Kd5 54. Rd6# 1-0

[Event "World Blitz 2015"]
[Site "Berlin GER"]
[Date "2015.10.14"]
[Round "20.68"]
[White "Milanovic, Danilo"]
[Black "Wagner, Dennis"]
[Result "0-1"]
[WhiteTitle "GM"]
[BlackTitle "GM"]
[WhiteElo "2469"]
[BlackElo "2575"]
[WhiteFideId "915483"]
[BlackFideId "24650684"]
[EventDate "2015.10.13"]

1. d4 Nf6 2. Bf4 d5 3. e3 c5 4. Nc3 cxd4 5. exd4 a6 6. a3 Nc6 7. Nf3 Bg4 8. Be2
e6 9. O-O Bd6 10. Bg3 Bxg3 11. hxg3 O-O 12. Qd2 Rc8 13. Rfc1 Ne4 14. Qe3 Nxc3
15. Qxc3 Qb6 16. Rd1 Ne7 17. Qb3 Qxb3 18. cxb3 Rc2 19. Bd3 Rxb2 20. Rab1 Rxb1
21. Bxb1 Rc8 22. Kf1 f6 23. Ke2 Kf7 24. Bd3 Nf5 25. Bb1 Rc3 26. Bxf5 Bxf5 27.
Nd2 Bc2 28. Ra1 e5 29. dxe5 fxe5 30. b4 Ke6 31. Nf3 d4 32. Kd2 Bg6 33. Ne1 Kd5
34. f3 Kc4 35. Rd1 Kb3 36. Ra1 Kb2 37. Rd1 Kxa3 38. f4 e4 39. g4 Kxb4 40. f5 Be8
41. Ke2 Kc5 42. Kd2 Bb5 43. Nc2 Rxc2+ 0-1

[Event "World Blitz 2015"]
[Site "Berlin GER"]
[Date "2015.10.14"]
[Round "20.69"]
[White "Ladva, Ottomar"]
[Black "Maze, Sebastien"]
[Result "1-0"]
[WhiteTitle "IM"]
[BlackTitle "GM"]
[WhiteElo "2423"]
[BlackElo "2582"]
[WhiteFideId "4500024"]
[BlackFideId "613762"]
[EventDate "2015.10.13"]

1. d4 Nf6 2. Nf3 g6 3. Bg5 Bg7 4. Nbd2 d6 5. c3 h6 6. Bh4 g5 7. Bg3 Nh5 8. e4 e6
9. Ng1 Nxg3 10. hxg3 c5 11. dxc5 dxc5 12. Nc4 Qxd1+ 13. Rxd1 Ke7 14. Nd6 Nc6 15.
Bb5 Bd7 16. Nxb7 Ne5 17. Bxd7 Nxd7 18. Na5 Rhc8 19. Nf3 Rab8 20. Nc4 Nb6 21.
Nfd2 Na4 22. Rb1 Rb7 23. Nb3 Nxb2 24. Rxb2 Bxc3+ 25. Rd2 Rb4 26. Ke2 Rxc4 27.
Rc2 Rxe4+ 28. Kd3 f5 29. Kxc3 f4 30. gxf4 Rxf4 31. f3 c4 32. Nd2 Rd8 33. Ne4 g4
34. Rxh6 gxf3 35. Rh7+ Ke8 36. Rh8+ Ke7 37. Rxd8 Kxd8 38. gxf3 Rxf3+ 39. Kxc4
Kc7 40. Rh2 Ra3 41. Nc5 Kd6 42. Rd2+ Kc6 43. Nxe6 Ra4+ 44. Kb3 Rh4 45. Nd4+ Kc5
46. Ne2 Kb6 47. Nc3 Rh3 48. Rg2 Rf3 49. Rg6+ Kb7 50. a4 Rh3 51. Re6 Rg3 52. Kb4
Rg4+ 53. Re4 Rg5 54. Nb5 a6 55. Re7+ Kb6 56. Re6+ Kb7 57. Nd6+ Kc7 58. Nc4 Kb7
59. Rb6+ Ka7 60. Rh6 Kb7 61. Re6 Rh5 62. Nd6+ Ka7 63. Ne4 Rh4 64. Kc5 Rh5+ 65.
Kc6 Ra5 66. Nc5 1-0

[Event "World Blitz 2015"]
[Site "Berlin GER"]
[Date "2015.10.14"]
[Round "20.70"]
[White "Van Foreest, Jorden"]
[Black "Sethuraman, S.P."]
[Result "1-0"]
[WhiteTitle "IM"]
[BlackTitle "GM"]
[WhiteElo "2548"]
[BlackElo "2640"]
[WhiteFideId "1039784"]
[BlackFideId "5021596"]
[EventDate "2015.10.13"]

1. d4 d6 2. e4 g6 3. c3 Bg7 4. Nf3 Nf6 5. Bd3 O-O 6. Bg5 Nc6 7. Nbd2 e5 8. O-O
h6 9. Bh4 exd4 10. cxd4 g5 11. Bg3 Nh5 12. d5 Ne7 13. Nb3 Nxg3 14. hxg3 Bxb2 15.
Rb1 Bg7 16. Nbd4 c5 17. dxc6 Nxc6 18. Bc4 Qf6 19. Nb5 Rd8 20. Nc7 Rb8 21. Nd5
Qg6 22. Bb5 Qxe4 23. Re1 Qg4 24. Bxc6 bxc6 25. Ne7+ Kh8 26. Rxb8 d5 27. Nxc8
Rxc8 28. Ne5 Qf5 29. Nxf7+ Kh7 30. Nd6 1-0

[Event "World Blitz 2015"]
[Site "Berlin GER"]
[Date "2015.10.14"]
[Round "20.71"]
[White "Tari, Aryan"]
[Black "Heimann, Andreas"]
[Result "0-1"]
[WhiteTitle "IM"]
[BlackTitle "IM"]
[WhiteElo "2521"]
[BlackElo "2546"]
[WhiteFideId "1510045"]
[BlackFideId "24624632"]
[EventDate "2015.10.13"]

1. c4 c5 2. Nf3 Nc6 3. d4 cxd4 4. Nxd4 Nf6 5. Nc3 e6 6. a3 Bc5 7. Nb3 Bb6 8. c5
Bc7 9. g3 O-O 10. Bg2 b6 11. cxb6 axb6 12. O-O Bb7 13. Nb5 d5 14. Nxc7 Qxc7 15.
Bf4 e5 16. Bg5 Ne4 17. Bxe4 dxe4 18. Rc1 h6 19. Be3 Rad8 20. Qc2 f5 21. Qc4+ Kh7
22. Qb5 Qf7 23. Qxb6 Ba8 24. Na5 Rb8 25. Qc5 Nxa5 26. Qxa5 f4 27. Rc7 Qg6 28.
Bc5 Rf6 29. Rd1 e3 30. Rdd7 Qb1+ 0-1

[Event "World Blitz 2015"]
[Site "Berlin GER"]
[Date "2015.10.14"]
[Round "20.72"]
[White "Rabiega, Robert"]
[Black "Sumets, Andrey"]
[Result "0-1"]
[WhiteTitle "GM"]
[BlackTitle "GM"]
[WhiteElo "2503"]
[BlackElo "2583"]
[WhiteFideId "4601475"]
[BlackFideId "14105500"]
[EventDate "2015.10.13"]

1. e4 c6 2. d4 d5 3. Nd2 dxe4 4. Nxe4 Bf5 5. Ng3 Bg6 6. Nf3 e6 7. Bd3 Nf6 8. O-O
Be7 9. Re1 O-O 10. c3 Bxd3 11. Qxd3 c5 12. Be3 cxd4 13. Qxd4 Nc6 14. Qa4 Nd5 15.
Rad1 Qa5 16. Qxa5 Nxa5 17. Bd4 Rfc8 18. Rc1 b5 19. Ne4 h6 20. Ned2 Nc6 21. Nb3
a5 22. a3 a4 23. Nbd2 Na5 24. Rcd1 Nc4 25. Rb1 Rc7 26. Red1 Rac8 27. Ne5 Nxd2
28. Rxd2 f6 29. Nd3 e5 30. Be3 Nxe3 31. fxe3 Kf7 32. Kf2 Ke6 33. Rbd1 Rc4 34.
Nb4 Bxb4 35. cxb4 Rc2 36. Kf3 Rxd2 37. Rxd2 f5 38. e4 fxe4+ 39. Kxe4 Rc4+ 40.
Ke3 h5 41. Rf2 Rc1 42. Kd3 h4 43. g3 hxg3 44. hxg3 Rg1 45. Rf3 Kd5 46. Kc2 Rg2+
47. Kc1 g5 48. Rc3 Kd4 49. Rc5 Rxg3 50. Rxb5 g4 51. Rb8 Rf3 52. b5 g3 53. Rg8
Kc5 54. Rg5 Kxb5 55. Rxe5+ Kc4 56. Kc2 Rf2+ 57. Kb1 g2 58. Re4+ Kd3 0-1

[Event "World Blitz 2015"]
[Site "Berlin GER"]
[Date "2015.10.14"]
[Round "20.73"]
[White "Kovalev, Vladislav"]
[Black "Agrest, Evgenij"]
[Result "1-0"]
[WhiteTitle "GM"]
[BlackTitle "GM"]
[WhiteElo "2546"]
[BlackElo "2596"]
[WhiteFideId "13504398"]
[BlackFideId "1705024"]
[EventDate "2015.10.13"]

1. d4 d5 2. Nc3 Nf6 3. Bf4 Bg4 4. f3 Bh5 5. g4 Bg6 6. h4 h6 7. e3 e6 8. Bd3 Bxd3
9. Qxd3 Nc6 10. Nge2 a6 11. O-O-O Qd7 12. g5 Ng8 13. g6 f6 14. e4 O-O-O 15. h5
dxe4 16. fxe4 Bb4 17. d5 exd5 18. exd5 Ne5 19. Bxe5 fxe5 20. Ne4 Bd6 21. c4 Qa4
22. c5 Be7 23. N2c3 Qa5 24. d6 cxd6 25. cxd6 Bg5+ 26. Nxg5 hxg5 27. Qf5+ Kb8 28.
Rd5 Qb6 29. Qxg5 Nf6 30. Rd2 e4 31. h6 e3 32. Rdd1 e2 33. Nxe2 Ne4 34. Qf4 Qc6+
35. Kb1 gxh6 36. Nd4 Qd5 37. g7 Rhg8 38. Nf5 Qc4 39. Rd4 1-0

[Event "World Blitz 2015"]
[Site "Berlin GER"]
[Date "2015.10.14"]
[Round "20.74"]
[White "Motylev, Alexander"]
[Black "Polzin, Rainer"]
[Result "0-1"]
[WhiteTitle "GM"]
[BlackTitle "GM"]
[WhiteElo "2649"]
[BlackElo "2416"]
[WhiteFideId "4121830"]
[BlackFideId "4610741"]
[EventDate "2015.10.13"]

1. e4 g6 2. d4 Bg7 3. Nc3 d6 4. Bg5 a6 5. Qd2 Nd7 6. O-O-O b5 7. f4 Ngf6 8. e5
b4 9. exf6 bxc3 10. Qxc3 Nxf6 11. Nf3 O-O 12. Bd3 Bb7 13. Rhe1 Bxf3 14. gxf3 e6
15. Rg1 Qd7 16. Be4 d5 17. Bd3 Rfc8 18. Qa5 Nh5 19. f5 exf5 20. c3 Qd6 21. Qc5
Qxh2 22. Qxd5 Nf4 23. Bxf4 Qxf4+ 24. Kb1 Rd8 25. Qc4 Qxf3 26. Qxc7 Rdc8 27. Qh2
a5 28. a4 Rab8 29. Qd2 h5 30. Rdf1 Qd5 31. Rxf5 Qb3 32. Rb5 Qxa4 33. Rxh5 Qb3
34. Rhg5 Rxc3 35. Bxg6 fxg6 36. Rxg6 Rc7 37. Rxg7+ Rxg7 38. Rxg7+ Kxg7 39. Qg5+
Kf7 40. Qf5+ Ke7 41. Qg5+ Kd7 42. Qg7+ Kc6 43. Qf6+ Kd5 44. Qe5+ Kc4 45. Qc5+
Kd3 46. Qf5+ Kxd4 47. Qf4+ Kc5 48. Qe5+ Kc6 49. Qf6+ Kb7 50. Qe7+ Ka8 51. Qe4+
Qb7 52. Qe5 Qb6 0-1

[Event "World Blitz 2015"]
[Site "Berlin GER"]
[Date "2015.10.14"]
[Round "20.75"]
[White "Nielsen, Peter Heine"]
[Black "Hasangatin, Ramil"]
[Result "1-0"]
[WhiteTitle "GM"]
[BlackTitle "GM"]
[WhiteElo "2654"]
[BlackElo "2509"]
[WhiteFideId "1400355"]
[BlackFideId "4122160"]
[EventDate "2015.10.13"]

1. e4 d5 2. exd5 Qxd5 3. Nc3 Qd6 4. d4 Nf6 5. Nb5 Qd8 6. c4 c6 7. Nc3 e5 8. dxe5
Qxd1+ 9. Nxd1 Bb4+ 10. Bd2 Bxd2+ 11. Kxd2 Ng4 12. f4 h5 13. Nf3 Na6 14. h3 Nh6
15. Ne3 Nc5 16. Bd3 Be6 17. Bc2 a5 18. Ke2 O-O-O 19. Rad1 Rxd1 20. Rxd1 g6 21.
Nd4 Kc7 22. Kf3 h4 23. Ke2 Rh7 24. Nf3 Ng8 25. Ng5 Rh8 26. b3 Ne7 27. Ng4 Nf5
28. Bxf5 gxf5 29. Ne3 Ra8 30. Nf3 Ne4 31. Rc1 Rh8 32. Nd2 Nc5 33. a3 Rd8 34. b4
axb4 35. axb4 Na4 36. Nf3 c5 37. b5 Rh8 38. Nd5+ Bxd5 39. cxd5 Kb6 40. Ng5 Rf8
41. d6 Kxb5 42. Kd2 Kc6 43. Kc2 b5 44. Nf3 Nb6 45. Nxh4 Nd5 46. g3 Ra8 47. Nxf5
c4 48. Ne7+ Kc5 49. Nxd5 Kxd5 50. d7 Rd8 51. Rd1+ Ke4 52. Kc3 Kf3 53. f5 1-0

[Event "World Blitz 2015"]
[Site "Berlin GER"]
[Date "2015.10.14"]
[Round "20.76"]
[White "Guliyev, Namig"]
[Black "Carstensen, Jacob"]
[Result "1-0"]
[WhiteTitle "GM"]
[BlackTitle "IM"]
[WhiteElo "2579"]
[BlackElo "2352"]
[WhiteFideId "13400363"]
[BlackFideId "1404180"]
[EventDate "2015.10.13"]

1. e4 c5 2. Nf3 d6 3. d4 Nf6 4. Nc3 cxd4 5. Nxd4 a6 6. Be3 e5 7. Nf3 Be7 8. Bc4
O-O 9. O-O Be6 10. Bb3 Nc6 11. Bg5 Na5 12. Bxf6 Bxf6 13. Nd5 Rc8 14. Qd2 Nc4 15.
Bxc4 Rxc4 16. Rfe1 Bxd5 17. Qxd5 Rxc2 18. Qxb7 Qa5 19. a4 Qc5 20. Rf1 a5 21. b3
Rc8 22. Rad1 g6 23. h3 Bd8 24. Rd5 Qc6 25. Qxc6 R8xc6 26. Nxe5 dxe5 27. Rxd8+
Kg7 28. Rd5 R6c5 29. Rfd1 R5c3 30. Rxe5 Rxb3 31. Rxa5 Rbb2 32. Rf1 Re2 33. e5
Ra2 34. g3 h5 35. Kg2 Re4 36. Kf3 Rexa4 37. Rxa4 Rxa4 38. Re1 Ra2 39. Re2 Ra3+
40. Kf4 Ra4+ 41. Re4 Ra2 42. f3 Kh6 43. g4 Rh2 44. Kg3 Rh1 45. f4 hxg4 46. hxg4
Rg1+ 47. Kf3 Rf1+ 48. Kg2 Ra1 49. Re3 Ra2+ 50. Kg3 Ra4 51. Rd3 Ra1 52. Rd7 Ra3+
53. Kh4 g5+ 54. fxg5+ Kg6 55. Rd6+ Kg7 56. g6 fxg6 57. Kg5 Ra7 58. Rxg6+ 1-0

[Event "World Blitz 2015"]
[Site "Berlin GER"]
[Date "2015.10.14"]
[Round "20.77"]
[White "Seel, Christian"]
[Black "Agdestein, Simen"]
[Result "1/2-1/2"]
[WhiteTitle "IM"]
[BlackTitle "GM"]
[WhiteElo "2474"]
[BlackElo "2606"]
[WhiteFideId "4663098"]
[BlackFideId "1500015"]
[EventDate "2015.10.13"]

1. d4 e6 2. Nf3 f5 3. g3 Nf6 4. Bg2 d5 5. O-O Bd6 6. b3 Qe7 7. c4 c6 8. Bb2 b6
9. Qc1 Bb7 10. Ba3 Nbd7 11. Bxd6 Qxd6 12. Qa3 Qxa3 13. Nxa3 Ke7 14. Rfc1 a5 15.
cxd5 exd5 16. Nc2 Kd6 17. e3 Ne4 18. Nce1 Ba6 19. Bf1 Bxf1 20. Kxf1 c5 21. Nd3
Rhc8 22. dxc5+ bxc5 23. h4 Ndf6 24. Rab1 Ng4 25. Rc2 a4 26. Rd1 axb3 27. axb3
Rab8 28. Nf4 Ngf6 29. Nd2 Rd8 30. Nxe4+ fxe4 31. Ra1 Rb6 32. Ra5 Rc8 33. Rd2
Rxb3 34. Ra6+ Rc6 35. Ra7 c4 36. Ra5 c3 37. Rc2 Rb2 38. Rc1 Ke5 39. Ne2 c2 40.
Ke1 Ng4 41. Nf4 Rd6 42. Rc5 Nh2 43. R5xc2 Nf3+ 44. Kf1 Rxc2 45. Rxc2 d4 46.
exd4+ Nxd4 47. Ra2 Nf3 48. Ra5+ Kf6 49. Rd5 Rxd5 50. Nxd5+ Ke5 51. Ne3 h5 52.
Ke2 Nd4+ 53. Kf1 g6 54. Ke1 Nf3+ 55. Ke2 Kd4 56. Nc2+ Kc3 57. Ne3 Nd4+ 58. Kf1
Kd3 59. Nd5 Ne6 60. Ne7 g5 61. hxg5 Nxg5 62. Nf5 Nf3 63. Ng7 h4 64. gxh4 Nxh4
65. Ne6 1/2-1/2

[Event "World Blitz 2015"]
[Site "Berlin GER"]
[Date "2015.10.14"]
[Round "20.78"]
[White "Sanal, Vahap"]
[Black "Hirneise, Tobias"]
[Result "0-1"]
[WhiteTitle "IM"]
[BlackTitle "IM"]
[WhiteElo "2501"]
[BlackElo "2457"]
[WhiteFideId "6300545"]
[BlackFideId "24600881"]
[EventDate "2015.10.13"]

1. e4 c5 2. Nf3 d6 3. d4 cxd4 4. Nxd4 Nf6 5. Nc3 Nc6 6. Bg5 e6 7. Qd2 a6 8.
O-O-O Bd7 9. f4 h6 10. Bh4 Nxe4 11. Nxe4 Qxh4 12. Nxc6 Bxc6 13. Nxd6+ Bxd6 14.
Qxd6 Rd8 15. Qxd8+ Qxd8 16. Rxd8+ Kxd8 17. h4 Ke7 18. Rh3 Rd8 19. Re3 Kf6 20. g3
g5 21. hxg5+ hxg5 22. fxg5+ Kxg5 23. Bd3 Rh8 24. Kd2 Rh2+ 25. Kc3 Kg4 26. Be2+
Kh3 27. Kd4 Kg2 28. Ke5 Kf2 29. Kf4 Rh6 30. Bd3 Rf6+ 31. Ke5 Rh6 32. Kf4 Rf6+
33. Ke5 Rh6 34. Kd4 Rh5 35. c4 Rg5 36. b4 Rg4+ 37. Be4 f5 38. Kc5 Kxe3 0-1

[Event "World Blitz 2015"]
[Site "Berlin GER"]
[Date "2015.10.14"]
[Round "20.79"]
[White "Stern, Rene"]
[Black "Ernst, Sipke"]
[Result "0-1"]
[WhiteTitle "GM"]
[BlackTitle "GM"]
[WhiteElo "2538"]
[BlackElo "2527"]
[WhiteFideId "4611799"]
[BlackFideId "1004689"]
[EventDate "2015.10.13"]

1. d4 d5 2. c4 c6 3. cxd5 cxd5 4. Bf4 Nc6 5. e3 Nf6 6. Nc3 a6 7. Bd3 Bg4 8. Nge2
e6 9. Rc1 Bd6 10. f3 Bh5 11. O-O Bg6 12. Bxd6 Qxd6 13. Nf4 O-O 14. Na4 Nd7 15.
Bxg6 hxg6 16. Nd3 b6 17. Qd2 Rfc8 18. Rc2 Ne7 19. Rfc1 Rxc2 20. Rxc2 Rc8 21. Qc1
Rc6 22. a3 g5 23. Nb4 Rxc2 24. Qxc2 a5 25. Nd3 Nf5 26. Qd2 Qc6 27. Nc3 Qc4 28.
Kf2 f6 29. Nd1 Qc7 30. g3 Kf7 31. Qc3 Qc4 32. Qxc4 dxc4 33. Nc1 b5 34. Na2 Nb6
35. g4 Nd6 36. Ndc3 Nd5 37. e4 Nf4 38. e5 fxe5 39. dxe5 Nd3+ 40. Ke3 Nxe5 41.
Nc1 Ke7 42. h3 Kd7 43. N3e2 Kc6 44. f4 gxf4+ 45. Nxf4 Kd7 46. Nce2 Nb7 47. Nd4
Nd6 48. Ndxe6 c3 49. bxc3 Nec4+ 50. Kd3 Nxa3 51. Nxg7 a4 52. h4 Nac4 53. h5 a3
54. Kc2 a2 55. h6 a1=Q 56. h7 Qb2+ 57. Kd3 Qd2# 0-1

[Event "World Blitz 2015"]
[Site "Berlin GER"]
[Date "2015.10.14"]
[Round "20.80"]
[White "Pavlovic, Milos"]
[Black "Olafsson, Helgi"]
[Result "1-0"]
[WhiteTitle "GM"]
[BlackTitle "GM"]
[WhiteElo "2481"]
[BlackElo "2549"]
[WhiteFideId "900389"]
[BlackFideId "2300010"]
[EventDate "2015.10.13"]

1. e4 d5 2. exd5 Qxd5 3. Nf3 Nf6 4. d4 Bg4 5. Be2 e6 6. h3 Bh5 7. O-O Be7 8. c4
Qd8 9. Qb3 Qc8 10. Nc3 O-O 11. Bf4 Nc6 12. Rad1 Bd6 13. Bg5 Nd7 14. a3 Be7 15.
Be3 Na5 16. Qa2 b6 17. Rfe1 c6 18. d5 Bxf3 19. Bxf3 Ne5 20. Be2 exd5 21. cxd5
cxd5 22. Nxd5 Nac6 23. Rc1 Qe6 24. f4 Rad8 25. Nxe7+ Qxe7 26. fxe5 Nxe5 27. Qb3
Qh4 28. Bf2 Qg5 29. Rcd1 Rde8 30. Bf1 h5 31. Qg3 1-0

[Event "World Blitz 2015"]
[Site "Berlin GER"]
[Date "2015.10.14"]
[Round "20.81"]
[White "Pham, Le Thao Nguyen"]
[Black "Petursson, Margeir"]
[Result "1-0"]
[WhiteTitle "IM"]
[BlackTitle "GM"]
[WhiteElo "2319"]
[BlackElo "2520"]
[WhiteFideId "12401226"]
[BlackFideId "2300028"]
[EventDate "2015.10.13"]

1. d4 d5 2. Nf3 Nf6 3. c4 c6 4. cxd5 cxd5 5. Nc3 a6 6. Bf4 Nc6 7. e3 e6 8. Bd3
Bd6 9. Bg5 h6 10. Bh4 Qb6 11. Qe2 Bd7 12. Rc1 Rc8 13. O-O Qa5 14. a3 b5 15. Bxf6
gxf6 16. e4 dxe4 17. Nxe4 Be7 18. d5 Na7 19. dxe6 fxe6 20. Nd4 e5 21. Qh5+ Kd8
22. Nf5 Bxf5 23. Qxf5 Qb6 24. Nc3 Rg8 25. Be4 Nc6 26. Nd5 Qa7 27. Nxf6 Rf8 28.
Rfd1+ Kc7 29. Rxc6+ Kb8 30. Nd7+ 1-0

[Event "World Blitz 2015"]
[Site "Berlin GER"]
[Date "2015.10.14"]
[Round "20.82"]
[White "Richter, Michael"]
[Black "Kulon, Klaudia"]
[Result "1/2-1/2"]
[WhiteTitle "GM"]
[BlackTitle "WGM"]
[WhiteElo "2517"]
[BlackElo "2324"]
[WhiteFideId "4618920"]
[BlackFideId "1131044"]
[EventDate "2015.10.13"]

1. d4 d5 2. c4 e6 3. Nc3 c6 4. e4 dxe4 5. Nxe4 Bb4+ 6. Bd2 Qxd4 7. Bxb4 Qxe4+ 8.
Ne2 Na6 9. Bf8 Ne7 10. Bxg7 Rg8 11. Bf6 Qxc4 12. Nc3 Qf4 13. Bxe7 Kxe7 14. Bxa6
Rxg2 15. Be2 Qxf2+ 16. Kd2 e5 17. Rf1 Qh4 18. Qa4 Qh6+ 19. Ke1 Be6 20. Qb4+ Ke8
21. Rd1 Qxh2 22. Qxb7 Qg3+ 23. Kd2 Qg5+ 24. Kc2 Rc8 25. Kb1 Qe3 26. Rxf7 Bxf7
27. Qxc8+ Ke7 28. Qd8+ Ke6 29. Qd7+ Kf6 30. Rf1+ Kg5 31. Qxf7 Rg1 32. Qf6# 1/2-1/2